Türk inkilabında Devletçilik ve ticaret serbestisi; Devletçilik; Bugünkü hukukumuzda ve cemiyetimizde kadın; Medeni hukukta nesebin ehemmiyeti ; Selçuklular zamanında ve sonra Anadolu kaplıcaları tarihi üzerine (Record no. 7442)

MARC details
000 -BAŞLIK
Sabit Uzunlukta Kontrol Alanı 02243na a2200493 4500
001 - KONTROL NUMARASI
Denetim Alanı 16381
003 - KONTROL NUMARASI IDENTIFIER
Denetim Alanı MIRAKIL
005 - SON İŞLEM TARİHİ VE ZAMANI
Denetim Alanı 20181213155138.0
008 - SABİT-BOY VERİ ELEMANLARI - GENEL BİLGİLER
Sabit Uzunlukta Kontrol Alanı 170213b tu 000 0
035 ## - SİSTEM KONTROL NUMARASI
Sistem Kontrol Numarası 16381
040 ## - KATALOGLAMA KAYNAK
Orijinal Kataloglama Ajansı Milas
Kataloglama Dili tur
Metne Dönüştürmek Ajansı TR-AnCHP
041 ## - DİL KODU
Metin / Ses Parça Veya Ayrı Başlığın Dil Kodu tur
082 ## - DEWEY ONLU SINIFLANDIRMA NUMARASI
Sınıflandırma Numarası CHP 324.217207
Ürün Numarası B54c 1939
090 ## - SINIFLAMA NUMARASI
Sınıflama Numarası CHP 324.217207 B54c 1939
100 ## - ANA GİRİŞ - KİŞİSEL İSİM
Kişisel Ad Bilgişin, Şevket
222 ## - ANAHTAR ADI
Anahtar Başlık Cumhuriyet Halk Partisi Konferansları
245 ## - BAŞLIK TABLOSU
Başlık Türk inkilabında Devletçilik ve ticaret serbestisi; Devletçilik; Bugünkü hukukumuzda ve cemiyetimizde kadın; Medeni hukukta nesebin ehemmiyeti ; Selçuklular zamanında ve sonra Anadolu kaplıcaları tarihi üzerine
Sorumluluk Tablosu, Vb Şevket Bilgişin; Sühep Derbil; Sabri Şakir Ansay; Hüseyin Cahit Özoğlu; Süheyl Ünver
260 ## - YAYIN, DAĞITIM, VB
Yayın, Dağıtım, Vb Yeri [Ankara ]
Yayıncı, Dağıtıcı, Vs Adı CHP
Yayın, Dağıtım, Vb Tarihi 1939
Üretici Firma Recep Ulusoğlu Basımevi
300 ## - FİZİKSEL TANIM
Kapsam 109 s.
Boyutlar 23 sm.
440 ## - SERİSİ TABLOSU / KATMA GİRİŞİ - BAŞLIK
Başlık C.H.P.
Bir İşin Parçası / Bölümün İsmi Konferanslar serisi
Hacim / Ardışık Tanımı 8
500 ## - GENEL NOT
Genel Not Yapıt, yazarların konferans konuşmalarını içermektedir
500 ## - GENEL NOT
Genel Not Halk Evlerinde verilen konferans metinleridir.
504 ## - KAYNAKÇA VB NOT
Kaynakça Vb Notu Kaynakça var.
505 ## - BİÇİMLENDİRİLDİ İÇİNDEKİLER NOT
Biçimlendirilmiş İçeriği Dikkat Cümhuriyet Halk Partisi ve aile/ Vasfi Raşit Seviğ; Mesuliyet/ Mustafa Raşit Belgesay; Şifasız hastaların ölümünü kolaylaştırmak meselesine hukuki bir bakış; Zarara muvafakatin cezai neticeleri/Hıfzı Veldet; İşletmeler ve Türkiyenin iktisadi kalkınmasında işletmelerimizin iktisadi vazifeleri/ İsmet Alkan
610 ## - KONU KATMA GİRİŞ - TOPLANTI ADI
Giriş Elemanı Olarak Kurumsal Ad Veya Yargı Alanı Adı Cumhuriyet Halk Partisi (CHP)
Genel Alt Bölüm Konferanslar ve seminerler
610 ## - KONU KATMA GİRİŞ - TOPLANTI ADI
Giriş Elemanı Olarak Kurumsal Ad Veya Yargı Alanı Adı Halkevleri
650 ## - KONU KATMA GİRİŞ - TOPİKAL DÖNEM
Topikal Süreli Veya Coğrafi Ad Giriş Elemanı Tarih
Genel Alt Bölümü Atatürk devrimleri
Coğrafi Alt Bölümü Türkiye
650 ## - KONU KATMA GİRİŞ - TOPİKAL DÖNEM
Topikal Süreli Veya Coğrafi Ad Giriş Elemanı Devletçilik
650 ## - KONU KATMA GİRİŞ - TOPİKAL DÖNEM
Topikal Süreli Veya Coğrafi Ad Giriş Elemanı Hukuk
Genel Alt Bölümü Medeni kanun
650 ## - KONU KATMA GİRİŞ - TOPİKAL DÖNEM
Topikal Süreli Veya Coğrafi Ad Giriş Elemanı Coğrafya
Genel Alt Bölümü Kaplıcalar
700 ## - KATMA GİRİŞ - KİŞİSEL İSİM
Kişisel Ad Derbil, Süheyp
700 ## - KATMA GİRİŞ - KİŞİSEL İSİM
Kişisel Ad Ansay, Sabri Şakir
700 ## - KATMA GİRİŞ - KİŞİSEL İSİM
Kişisel Ad Oğuzoğlu, Hüseyin Cahit
700 ## - KATMA GİRİŞ - KİŞİSEL İSİM
Kişisel Ad Ünver, Süheyl
740 ## - KATMA GİRİŞ - KONTROLSUZ İLGİLİ / ANALİTİK BAŞLIK
Kontrol Edilmeyen / İlgili Analitik Başlıktaki Türk inkilabında Devletçilik ve ticaret serbestisi
740 ## - KATMA GİRİŞ - KONTROLSUZ İLGİLİ / ANALİTİK BAŞLIK
Kontrol Edilmeyen / İlgili Analitik Başlıktaki Devletçilik
740 ## - KATMA GİRİŞ - KONTROLSUZ İLGİLİ / ANALİTİK BAŞLIK
Kontrol Edilmeyen / İlgili Analitik Başlıktaki Bugünkü hukukumuzda ve cemiyetimizde kadın
740 ## - KATMA GİRİŞ - KONTROLSUZ İLGİLİ / ANALİTİK BAŞLIK
Kontrol Edilmeyen / İlgili Analitik Başlıktaki Medeni hukukta nesebin ehemmiyeti
740 ## - KATMA GİRİŞ - KONTROLSUZ İLGİLİ / ANALİTİK BAŞLIK
Kontrol Edilmeyen / İlgili Analitik Başlıktaki Selçuklular zamanında ve sonra Anadolu kaplıcaları tarihi üzerine
830 ## - SERİSİ EKLENDİ GİRİŞ - ÜNİFORM ADI
Üniforma Başlık CHP Yayınları
942 ## - EKLENDİ GİRİŞ ELEMANLARI (KOHA)
Sınıflandırma Veya Raf Düzeni Kaynak Dewey Decimal Classification
Koha Öğesi Türü Books
999 ## - SİSTEM KONTROL NUMARALARI (KOHA)
Koha Biblionumber 7442
Koha Biblioitemnumber 7442
657 ## - INDEX SÜRE - İŞLEVİ
-- CHP konferansları
657 ## - INDEX SÜRE - İŞLEVİ
-- Halk Evleri
Holdings
Kalıcı Konum Mevcut Konum Edinme Tarihi Edinim Kaynak Toplam Check-Out'Lar Tam Çağrı Numarası Barkod Tarih Son Görülme İtibaren Geçerli Fiyatlar Koha Öğesi Türü
CHP Kütüphanesi CHP Kütüphanesi 10/04/2016 Bağış   CHP 324.217207 B54c 1939 004368 10/04/2016 10/04/2016 Books